Pandemics / Kevin Cunningham.
Describes pandemics, including flu, polio, and AIDS, that have occurred in the past, explains how infectious diseases spread, and explores the ways these diseases can be prevented or controlled.
Record details
- ISBN: 9780531254233 (lib. bdg.)
- ISBN: 0531254232 (lib. bdg.)
- ISBN: 9780531266281 (pbk.)
- ISBN: 0531266281 (pbk.)
- Physical Description: 48 p. : col. ill. ; 23 cm.
- Publisher: New York : Children's Press, 2012.
Content descriptions
| Bibliography, etc. Note: | Includes bibliographical references (p. 44-45) and index. |
| Formatted Contents Note: | Smallpox: pandemic conquest -- Cholera: in the water -- Plague: worldwide killer -- Two sides of technology -- Influenza: Spanish flu -- HIV / AIDS: modern pandemic. |
Search for related items by subject
| Subject: | Epidemics > Juvenile literature. Communicable diseases > Juvenile literature. |
Search for related items by series
| LDR | 01445nam a2200337 a 4500 | ||
|---|---|---|---|
| 001 | 135354 | ||
| 003 | CONS | ||
| 005 | 20140703073309.0 | ||
| 008 | 110218s2012 nyua j b 001 0 eng | ||
| 010 | . | ‡a 2011007507 | |
| 020 | . | ‡a9780531254233 (lib. bdg.) | |
| 020 | . | ‡a0531254232 (lib. bdg.) | |
| 020 | . | ‡a9780531266281 (pbk.) | |
| 020 | . | ‡a0531266281 (pbk.) | |
| 035 | . | ‡a(CPomAG)LMN559859 | |
| 042 | . | ‡apcc | |
| 050 | 0 | 0. | ‡aRA653.5 ‡b.C86 2012 |
| 082 | 0 | 0. | ‡a614.4 ‡222 |
| 100 | 1 | . | ‡aCunningham, Kevin, ‡d1966- |
| 245 | 1 | 0. | ‡aPandemics / ‡cKevin Cunningham. |
| 260 | . | ‡aNew York : ‡bChildren's Press, ‡c2012. | |
| 300 | . | ‡a48 p. : ‡bcol. ill. ; ‡c23 cm. | |
| 490 | 0 | . | ‡aA true book |
| 504 | . | ‡aIncludes bibliographical references (p. 44-45) and index. | |
| 505 | 0 | . | ‡aSmallpox: pandemic conquest -- Cholera: in the water -- Plague: worldwide killer -- Two sides of technology -- Influenza: Spanish flu -- HIV / AIDS: modern pandemic. |
| 520 | . | ‡aDescribes pandemics, including flu, polio, and AIDS, that have occurred in the past, explains how infectious diseases spread, and explores the ways these diseases can be prevented or controlled. | |
| 650 | 0. | ‡aEpidemics ‡vJuvenile literature. | |
| 650 | 0. | ‡aCommunicable diseases ‡vJuvenile literature. | |
| 914 | . | ‡dSCP_ng | |
| 959 | . | ‡i32269000912140 ‡lJ614.4 Cun ‡aJuvenile - NonFiction ‡tJuv Nonfiction ‡g17.00 | |
| 852 | . | ‡p32269000912140 ‡jJ614.4 Cun ‡gJuvenile - NonFiction ‡cJuv Nonfiction ‡y17.00 ‡bSBPL | |
| 901 | . | ‡a135354 ‡bUnknown ‡c135354 ‡tbiblio | |